[Event "46th GRE-chT Premier 2018"]
[Site "Rio Achaia"]
[Date "2018.07.15"]
[Round "7"]
[White "Kazakos, Nikolaos"]
[Black "Amaxopoulos, Christos"]
[Result "1-0"]
[WhiteElo "1375"]
[BlackElo "1180"]
[Annotator "NA"]
[PlyCount "117"]
[EventDate "2018.07.10"]
[EventType "team-tourn"]
[EventCountry "GRE"]
[SourceTitle "playchess.com"]
[Source "ChessBase"]
[SourceQuality "1"]

1. e4 c5 2. Nf3 e6 3. d4 cxd4 4. Nxd4 a6 5. Be3 Qc7 6. a3 Bc5 7. Nc3 Nf6 8. Be2 b5 9. Qd2 Bb7 10. f3 d6 11. Nb3 Bxe3 12. Qxe3 Nbd7 13. O-O O-O 14. Kh1 Ne5 15. Nd2 d5 16. exd5 Nxd5 17. Nxd5 Bxd5 18. Rac1 Rfd8 19. Rfe1 Nc4 20. Nxc4 Bxc4 21. Bxc4 Qxc4 22. b3 Qd4 23. Qxd4 Rxd4 24. Red1 Rxd1+ 25. Rxd1 Rc8 26. Kg1 Kf8 27. Rd2 Ke7 28. Kf2 e5 29. Ke3 f5 30. c4 bxc4 31. Rc2 c3 32. Kd3 Kd6 33. Rxc3 Rxc3+ 34. Kxc3 Kc5 35. b4+ Kb5 36. Kb3 g5 37. a4+ Kb6 38. Kc4 Kc6 39. b5+ axb5+ 40. axb5+ Kb6 41. Kd5 e4 42. fxe4 fxe4 43. Kxe4 Kxb5 44. Kf5 h6 45. Kg6 g4 46. Kxh6 Kc6 47. Kg5 Kd6 48. Kxg4 Ke7 49. h4 Kf7 50. Kg5 Kg7 51. g4 Kh7 52. Kf6 Kg8 53. Kg6 Kh8 54. Kf7 Kh7 55. g5 Kh8 56. h5 Kh7 57. g6+ Kh6 58. g7 Kxh5 59. g8=Q 1-0

[Event "46th GRE-chT Premier 2018"]
[Site "Rio Achaia"]
[Date "2018.07.15"]
[Round "7"]
[White "Patriki, Alexandra"]
[Black "Louka, Marianthi"]
[Result "1-0"]
[WhiteElo "1355"]
[BlackElo "1465"]
[Annotator "NA"]
[PlyCount "57"]
[EventDate "2018.07.10"]
[EventType "team-tourn"]
[EventCountry "GRE"]
[SourceTitle "playchess.com"]
[Source "ChessBase"]
[SourceQuality "1"]

1. d4 Nf6 2. Nf3 e6 3. Bf4 c5 4. c3 Nc6 5. e3 Be7 6. Bd3 O-O 7. Nbd2 d5 8. Ne5 Nxe5 9. dxe5 Nd7 10. O-O f5 11. exf6 Bxf6 12. Bg3 e5 13. e4 d4 14. cxd4 cxd4 15. f4 Kh8 16. Nc4 Re8 17. Nd6 Re7 18. Bc4 exf4 19. Bxf4 Qb6 20. e5 Nxe5 21. Bxe5 Rd7 22. Bxf6 Qxd6 23. Bh4 b6 24. Bd3 Bb7 25. Qh5 g6 26. Qg4 Qd5 27. b3 Re8 28. Bf6+ Kg8 29. Bc4 1-0

[Event "46th GRE-chT Premier 2018"]
[Site "Rio Achaia"]
[Date "2018.07.15"]
[Round "7"]
[White "Kyriakidis, Anastasios P"]
[Black "Gavriil, Odysseas-Panagiotis"]
[Result "1/2-1/2"]
[WhiteElo "1352"]
[BlackElo "1910"]
[Annotator "NA"]
[PlyCount "132"]
[EventDate "2018.07.10"]
[EventType "team-tourn"]
[EventCountry "GRE"]
[SourceTitle "playchess.com"]
[Source "ChessBase"]
[SourceQuality "1"]

1. e4 d6 2. d4 Nf6 3. Nc3 c6 4. Nf3 Bg4 5. Be2 Nbd7 6. O-O e5 7. dxe5 dxe5 8. a3 Be7 9. Be3 O-O 10. h3 Bh5 11. Nd2 Bxe2 12. Qxe2 b5 13. b4 a5 14. Na2 axb4 15. Nxb4 Qc7 16. c4 c5 17. Nd5 Nxd5 18. exd5 Nb6 19. cxb5 Ra4 20. Qd3 Rd8 21. Ne4 Rxd5 22. Qb1 Rd8 23. Nc3 Ra5 24. Qe4 g6 25. a4 f5 26. Qc2 Kg7 27. Rfd1 Rd4 28. Bd2 Qa7 29. Be3 Rc4 30. Qb3 f4 31. Bd2 f3 32. gxf3 Qb7 33. Kg2 Rd4 34. Be3 c4 35. Qc2 Rh4 36. Rh1 Bb4 37. Bxb6 Qxb6 38. Nd5 Qc5 39. Nxb4 Qxb4 40. Rhb1 Qd6 41. Qc3 Ra8 42. Re1 Qd4 43. Qe3 c3 44. a5 Qxe3 45. fxe3 Rb4 46. b6 Rb5 47. Reb1 Raxa5 48. b7 c2 49. Rxb5 Rxb5 50. Rc1 Rxb7 51. Rxc2 Rb3 52. Kf2 Rb5 53. Kg3 Kf6 54. Rc7 h5 55. Rc6+ Kg5 56. h4+ Kh6 57. Rc4 Kg7 58. Re4 Kf6 59. f4 exf4+ 60. Rxf4+ Rf5 61. Kf3 g5 62. hxg5+ Kxg5 63. Rxf5+ Kxf5 64. Kg3 Ke4 65. Kh4 Kxe3 66. Kxh5 Ke4 1/2-1/2

[Event "46th GRE-chT Premier 2018"]
[Site "Rio Achaia"]
[Date "2018.07.15"]
[Round "7"]
[White "Kouta, Vasiliki"]
[Black "Tounta, Nefeli"]
[Result "1/2-1/2"]
[WhiteElo "1350"]
[BlackElo "1344"]
[Annotator "NA"]
[PlyCount "79"]
[EventDate "2018.07.10"]
[EventType "team-tourn"]
[EventCountry "GRE"]
[SourceTitle "playchess.com"]
[Source "ChessBase"]
[SourceQuality "1"]

1. e4 c5 2. Nf3 e6 3. d4 cxd4 4. Nxd4 Nc6 5. Nc3 Qc7 6. Nb3 a6 7. a3 Nf6 8. Bd3 Be7 9. O-O O-O 10. Bd2 b5 11. Qe2 Rb8 12. f4 d6 13. Rae1 Nd7 14. Rf3 Nc5 15. Rh3 Nxd3 16. cxd3 f5 17. exf5 Rxf5 18. Ne4 e5 19. Rh5 exf4 20. Rxf5 Bxf5 21. Bxf4 Qa7+ 22. Kh1 Rd8 23. Nxd6 Bxd6 24. Bxd6 Qd7 25. Bg3 Bxd3 26. Qf3 Nd4 27. Nxd4 Qxd4 28. Qf2 Qxf2 29. Bxf2 Bc4 30. Be3 Rd3 31. Kg1 Rd6 32. Bc5 Re6 33. Rd1 Kf7 34. Rd7+ Kg6 35. Bd4 Re1+ 36. Kf2 Re2+ 37. Kg3 Bf7 38. Kf3 Re6 39. Be3 Rf6+ 40. Kg3 1/2-1/2

[Event "46th GRE-chT Premier 2018"]
[Site "Rio Achaia"]
[Date "2018.07.15"]
[Round "7"]
[White "Ilia, Anastasia"]
[Black "Bania, Eleni"]
[Result "1-0"]
[WhiteElo "1348"]
[BlackElo "1349"]
[Annotator "NA"]
[PlyCount "119"]
[EventDate "2018.07.10"]
[EventType "team-tourn"]
[EventCountry "GRE"]
[SourceTitle "playchess.com"]
[Source "ChessBase"]
[SourceQuality "1"]

1. e4 e5 2. Nf3 Nc6 3. Bc4 Bc5 4. O-O Nf6 5. d3 d6 6. c3 O-O 7. a4 a6 8. Bg5 h6 9. Bh4 Bg4 10. h3 Be6 11. Bxe6 fxe6 12. d4 exd4 13. cxd4 Ba7 14. e5 dxe5 15. dxe5 Qxd1 16. Rxd1 Nh5 17. Kh2 g5 18. Bg3 Rad8 19. Nc3 Nd4 20. Kh1 Nxf3 21. Rxd8 Rxd8 22. gxf3 Nxg3+ 23. fxg3 Rd2 24. Rd1 Rxd1+ 25. Nxd1 Bd4 26. f4 gxf4 27. gxf4 Kf7 28. Kg2 Kg6 29. Kf3 Kf5 30. b3 b5 31. axb5 axb5 32. b4 c5 33. bxc5 Bxc5 34. Nb2 Bd4 35. Nd3 Bc3 36. Ke3 Ba5 37. Nc1 Bb6+ 38. Kf3 b4 39. Nb3 Bg1 40. Nc1 Bh2 41. Ne2 b3 42. Nd4+ Kg6 43. Nxb3 Bg1 44. Ke4 Bb6 45. Nd2 Kh5 46. Nc4 Bc5 47. Nd6 Kg6 48. f5+ exf5+ 49. Nxf5 Kg5 50. Nd6 Kg6 51. Kd5 Bf2 52. Ke6 Bh4 53. Kd7 Bg5 54. e6 Kg7 55. h4 Kg6 56. hxg5 h5 57. e7 Kxg5 58. e8=Q Kg4 59. Qg6+ Kh4 60. Nf5+ 1-0

[Event "46th GRE-chT Premier 2018"]
[Site "Rio Achaia"]
[Date "2018.07.15"]
[Round "7"]
[White "Kartsidima, Angeliki"]
[Black "Fragkos, Vasileios"]
[Result "1-0"]
[WhiteElo "1317"]
[BlackElo "1774"]
[Annotator "NA"]
[PlyCount "47"]
[EventDate "2018.07.10"]
[EventType "team-tourn"]
[EventCountry "GRE"]
[SourceTitle "playchess.com"]
[Source "ChessBase"]
[SourceQuality "1"]

1. d4 Nf6 2. Nf3 e6 3. Nbd2 d5 4. e3 c5 5. c3 Nc6 6. Bd3 Bd6 7. dxc5 Bxc5 8. b4 Bd6 9. O-O O-O 10. Bb2 e5 11. e4 Be6 12. Ng5 Bg4 13. f3 Qb6+ 14. Kh1 Be6 15. Nxe6 fxe6 16. a4 Qe3 17. Qc2 Qh6 18. Rfe1 Rac8 19. Qd1 Nh5 20. Nf1 Rcd8 21. Qb1 d4 22. b5 dxc3 23. Bc1 Qf6 24. bxc6 1-0

[Event "46th GRE-chT Premier 2018"]
[Site "Rio Achaia"]
[Date "2018.07.15"]
[Round "7"]
[White "Papadopoulos, Spyridonas"]
[Black "Liakos, Christos - Konstant"]
[Result "1/2-1/2"]
[WhiteElo "1314"]
[BlackElo "1370"]
[Annotator "NA"]
[PlyCount "64"]
[EventDate "2018.07.10"]
[EventType "team-tourn"]
[EventCountry "GRE"]
[SourceTitle "playchess.com"]
[Source "ChessBase"]
[SourceQuality "1"]

1. e4 c5 2. Nf3 Nc6 3. d4 cxd4 4. Nxd4 g6 5. Nc3 Nf6 6. g3 Bg7 7. Bg2 Nxe4 8. Nxe4 Nxd4 9. O-O O-O 10. c3 Nc6 11. Be3 d6 12. Qe2 Bf5 13. g4 Bd7 14. f4 Qc8 15. Bh3 f5 16. gxf5 Bxf5 17. Bxf5 Qxf5 18. Ng3 Qd5 19. Rfd1 Qe6 20. Re1 Qd7 21. Rad1 Qc7 22. Qc4+ Kh8 23. Bc1 Qb6+ 24. Kh1 e5 25. fxe5 dxe5 26. Qb3 Qxb3 27. axb3 Rad8 28. Ne4 Rxd1 29. Rxd1 Rd8 30. Rxd8+ Nxd8 31. Kg2 Kg8 32. Kf3 Kf7 1/2-1/2

[Event "46th GRE-chT Premier 2018"]
[Site "Rio Achaia"]
[Date "2018.07.15"]
[Round "7"]
[White "Stathatos, Alexandros"]
[Black "Gioutsos, Vasileios"]
[Result "0-1"]
[WhiteElo "1311"]
[BlackElo "1339"]
[Annotator "NA"]
[PlyCount "36"]
[EventDate "2018.07.10"]
[EventType "team-tourn"]
[EventCountry "GRE"]
[SourceTitle "playchess.com"]
[Source "ChessBase"]
[SourceQuality "1"]

1. e4 e5 2. Nf3 Nc6 3. Bc4 Bc5 4. c3 Nf6 5. d3 d6 6. O-O O-O 7. Nbd2 a6 8. Bb3 h6 9. h3 Ba7 10. Re1 Re8 11. Nf1 Be6 12. Ng3 d5 13. exd5 Nxd5 14. Nxe5 Nxe5 15. Rxe5 Bxf2+ 16. Kxf2 Qf6+ 17. Rf5 Bxf5 18. Bxd5 Be4+ 0-1

[Event "46th GRE-chT Premier 2018"]
[Site "Rio Achaia"]
[Date "2018.07.15"]
[Round "7"]
[White "Mavridis, Athanasios"]
[Black "Gkaripis, Marios Ilias"]
[Result "1-0"]
[WhiteElo "1304"]
[BlackElo "1374"]
[Annotator "NA"]
[PlyCount "83"]
[EventDate "2018.07.10"]
[EventType "team-tourn"]
[EventCountry "GRE"]
[SourceTitle "playchess.com"]
[Source "ChessBase"]
[SourceQuality "1"]

1. d4 d6 2. e4 Nf6 3. Nc3 g6 4. Nf3 Bg7 5. Be2 O-O 6. O-O Nbd7 7. Bf4 c5 8. d5 Ng4 9. h3 Nge5 10. Nd2 a6 11. Be3 f6 12. f4 Nf7 13. a4 b6 14. Bd3 Qc7 15. Kh1 Nd8 16. h4 e6 17. h5 e5 18. hxg6 hxg6 19. f5 g5 20. g3 Kf7 21. Kg2 Ke7 22. Rh1 Rh8 23. Qg4 Nf7 24. Rxh8 Bxh8 25. Rh1 Bb7 26. b3 Bg7 27. Rh7 Rg8 28. Qe2 Qc8 29. Qd1 Qc7 30. Be2 Nh6 31. Qh1 Nf7 32. Bh5 Nf8 33. Bxf7 Kxf7 34. Rh5 Nd7 35. Nf3 Qd8 36. Rh7 Nf8 37. Nxg5+ Ke7 38. Ne6 Nxe6 39. fxe6 Qf8 40. Bh6 Kd8 41. Bxg7 Rxg7 42. Qh6 1-0

[Event "46th GRE-chT Premier 2018"]
[Site "Rio Achaia"]
[Date "2018.07.15"]
[Round "7"]
[White "Apostolidou, Eleni"]
[Black "Chasouraki, Chrysi"]
[Result "1/2-1/2"]
[WhiteElo "1290"]
[BlackElo "1026"]
[Annotator "NA"]
[PlyCount "129"]
[EventDate "2018.07.10"]
[EventType "team-tourn"]
[EventCountry "GRE"]
[SourceTitle "playchess.com"]
[Source "ChessBase"]
[SourceQuality "1"]

1. e4 c5 2. Nc3 d6 3. g3 Nf6 4. Bg2 g6 5. Nge2 Nc6 6. O-O Bg7 7. d3 O-O 8. h3 Qc7 9. Be3 a6 10. Qd2 b5 11. a3 Bb7 12. Bh6 Qb6 13. Bxg7 Kxg7 14. Rfd1 Rac8 15. d4 cxd4 16. Nxd4 Ne5 17. Rab1 Nc4 18. Qd3 Rc7 19. Rdc1 Rfc8 20. Nde2 a5 21. Bh1 Ba6 22. Nd5 Nxd5 23. Qxd5 Ne5 24. Qd2 Bb7 25. Qd4 Qxd4 26. Nxd4 b4 27. axb4 axb4 28. c3 bxc3 29. bxc3 Ba8 30. Ra1 Bb7 31. Rab1 Bc6 32. Nxc6 Rxc6 33. Rb3 R6c7 34. Bg2 Kf6 35. Kf1 Nd3 36. Rc2 g5 37. Ke2 Nc5 38. Ra3 Ke5 39. Ke3 Ne6 40. Rc1 Rc4 41. f3 f5 42. exf5 Kxf5 43. Bf1 R4c6 44. Bd3+ Ke5 45. Ra5+ Rc5 46. Rxc5+ Nxc5 47. Bb1 h6 48. Bh7 Na4 49. Kd2 d5 50. Rc2 Kd6 51. Kd3 e5 52. Bg6 Ke7 53. Bh5 Nc5+ 54. Ke3 Na4 55. Kd3 Rc7 56. Kd2 Nc5 57. Ke3 Na4 58. Kd3 Nb6 59. Ra2 Kd6 60. Ra6 Kc6 61. Be8+ Kb7 62. Ra2 Re7 63. Bg6 Nc4 64. Re2 Kc6 65. Bh5 1/2-1/2

[Event "46th GRE-chT Premier 2018"]
[Site "Rio Achaia"]
[Date "2018.07.15"]
[Round "7"]
[White "Giannoulaki, Ermofili"]
[Black "Kaliontzaki, Argyro Evanthia"]
[Result "1-0"]
[WhiteElo "1286"]
[BlackElo "1346"]
[Annotator "NA"]
[PlyCount "49"]
[EventDate "2018.07.10"]
[EventType "team-tourn"]
[EventCountry "GRE"]
[SourceTitle "playchess.com"]
[Source "ChessBase"]
[SourceQuality "1"]

1. d4 Nf6 2. Nf3 e6 3. e3 b6 4. Bd3 Bb7 5. O-O Be7 6. b3 O-O 7. Bb2 Ne4 8. c4 f5 9. Qc2 d6 10. Nbd2 Nxd2 11. Nxd2 Bg5 12. f4 Be7 13. e4 Qd7 14. Rae1 Nc6 15. a3 Bf6 16. Nf3 Be7 17. d5 fxe4 18. Bxe4 exd5 19. Bxh7+ Kh8 20. Qg6 Bf6 21. Qh5 g6 22. Bxg6+ Kg8 23. Qxd5+ Kg7 24. Qg5 Qd8 25. Bf5+ 1-0

[Event "46th GRE-chT Premier 2018"]
[Site "Rio Achaia"]
[Date "2018.07.15"]
[Round "7"]
[White "Karavitaki, Antonia"]
[Black "Spyratos, Nikolaos"]
[Result "0-1"]
[WhiteElo "1285"]
[BlackElo "1710"]
[Annotator "NA"]
[PlyCount "66"]
[EventDate "2018.07.10"]
[EventType "team-tourn"]
[EventCountry "GRE"]
[SourceTitle "playchess.com"]
[Source "ChessBase"]
[SourceQuality "1"]

1. d4 d5 2. Nf3 Nf6 3. g3 c6 4. Bg2 Bg4 5. O-O e6 6. b3 Bd6 7. Bb2 O-O 8. Nbd2 Nbd7 9. Re1 Qc7 10. c4 Bxf3 11. Bxf3 e5 12. c5 Be7 13. Qc2 e4 14. Bg2 Nh5 15. f3 f5 16. fxe4 fxe4 17. Qc3 Bg5 18. Rad1 Ndf6 19. Rf1 Ng4 20. Rxf8+ Rxf8 21. Nf1 Qf7 22. Qe1 Ne3 23. Nxe3 Bxe3+ 24. Kh1 Bf2 25. Qf1 Qg6 26. Bh3 Bxg3 27. Qg1 Rf2 28. Rd2 Rxh2+ 29. Qxh2 Bxh2 30. Kxh2 Qg3+ 31. Kh1 Qxh3+ 32. Kg1 Qe3+ 33. Kh1 Qxd2 0-1

[Event "46th GRE-chT Premier 2018"]
[Site "Rio Achaia"]
[Date "2018.07.15"]
[Round "7"]
[White "Pilalis, Ernestos"]
[Black "Kafantaris, Pavlos"]
[Result "0-1"]
[WhiteElo "1278"]
[BlackElo "1380"]
[Annotator "NA"]
[PlyCount "115"]
[EventDate "2018.07.10"]
[EventType "team-tourn"]
[EventCountry "GRE"]
[SourceTitle "playchess.com"]
[Source "ChessBase"]
[SourceQuality "1"]

1. Nf3 Nf6 2. d4 d5 3. e3 e6 4. Be2 Be7 5. O-O O-O 6. b3 b6 7. Bb2 Bb7 8. Nbd2 Nbd7 9. c4 c5 10. Rc1 Rc8 11. Ne5 Ne4 12. f3 Nxd2 13. Qxd2 cxd4 14. exd4 dxc4 15. Nxd7 Qxd7 16. bxc4 Rfd8 17. Qe3 Bf6 18. Rfd1 h6 19. Bd3 Qd6 20. c5 bxc5 21. dxc5 Qe7 22. Bxf6 Qxf6 23. Rc2 Bc6 24. Rdc1 Qd4 25. Qxd4 Rxd4 26. Be4 Bxe4 27. fxe4 Rxe4 28. c6 Rd4 29. Rb2 Kf8 30. c7 Ke8 31. Rb7 a5 32. a3 a4 33. Rb4 Rxb4 34. axb4 Kd7 35. Ra1 Ra8 36. Rc1 a3 37. Kf2 a2 38. Ke3 Kc8 39. Ra1 Kxc7 40. Kd4 Kb6 41. Kc4 Rc8+ 42. Kb3 Ra8 43. Kc4 f6 44. Kb3 Kb5 45. Rxa2 Rxa2 46. Kxa2 Kxb4 47. Kb2 e5 48. Kc2 Kc4 49. Kd2 Kd4 50. Ke2 f5 51. g3 g5 52. Kf2 e4 53. h4 gxh4 54. gxh4 f4 55. h5 e3+ 56. Ke2 f3+ 57. Kf1 Kd3 58. Ke1 0-1

[Event "46th GRE-chT Premier 2018"]
[Site "Rio Achaia"]
[Date "2018.07.15"]
[Round "7"]
[White "Papadopoulou, Marilena"]
[Black "Tsivelekidou, Evgenia"]
[Result "0-1"]
[WhiteElo "1275"]
[BlackElo "2007"]
[Annotator "NA"]
[PlyCount "58"]
[EventDate "2018.07.10"]
[EventType "team-tourn"]
[EventCountry "GRE"]
[SourceTitle "playchess.com"]
[Source "ChessBase"]
[SourceQuality "1"]

1. e4 c6 2. d4 d5 3. Nc3 dxe4 4. Nxe4 Bf5 5. Ng3 Bg6 6. h4 h6 7. Nf3 Nd7 8. h5 Bh7 9. Bd3 Bxd3 10. Qxd3 e6 11. Bd2 Ngf6 12. O-O-O Be7 13. Kb1 O-O 14. Ne4 Nxe4 15. Qxe4 Nf6 16. Qe2 c5 17. Bc1 cxd4 18. Rxd4 Qb6 19. Rd3 Rfd8 20. Rb3 Qc7 21. g4 Nd5 22. g5 hxg5 23. Bxg5 Bxg5 24. Nxg5 Rac8 25. h6 Nf4 26. Qe4 f5 27. h7+ Kh8 28. Qxf4 Qxc2+ 29. Ka1 Rd1+ 0-1

[Event "46th GRE-chT Premier 2018"]
[Site "Rio Achaia"]
[Date "2018.07.15"]
[Round "7"]
[White "Paparizou, Eleni"]
[Black "Richterova, Natasa"]
[Result "0-1"]
[WhiteElo "1274"]
[BlackElo "2146"]
[Annotator "NA"]
[PlyCount "62"]
[EventDate "2018.07.10"]
[EventType "team-tourn"]
[EventCountry "GRE"]
[SourceTitle "playchess.com"]
[Source "ChessBase"]
[SourceQuality "1"]

1. e4 e5 2. Nf3 Nf6 3. Nc3 Bb4 4. Bd3 Nc6 5. a3 Be7 6. Bc4 O-O 7. d4 Nxe4 8. Bxf7+ Rxf7 9. Nxe4 exd4 10. Nxd4 Nxd4 11. Qxd4 d5 12. Nc3 Bf6 13. Qd3 Bf5 14. Qd1 Qe7+ 15. Be3 c6 16. Ne2 Bxb2 17. Ra2 Bxa3 18. O-O Bg4 19. Qd3 Bxe2 20. Qxe2 d4 21. Qd3 dxe3 22. Rxa3 exf2+ 23. Rxf2 Rxf2 24. Kxf2 Rf8+ 25. Kg3 Qg5+ 26. Kh3 Qh5+ 27. Kg3 a6 28. h3 Qe5+ 29. Kh4 Qf4+ 30. g4 Qf6+ 31. Kg3 Qf2# 0-1

[Event "46th GRE-chT Premier 2018"]
[Site "Rio Achaia"]
[Date "2018.07.15"]
[Round "7"]
[White "Ximinis, Ioannis"]
[Black "Chatzigavriil, Georgios"]
[Result "1/2-1/2"]
[WhiteElo "1272"]
[BlackElo "1318"]
[Annotator "NA"]
[PlyCount "178"]
[EventDate "2018.07.10"]
[EventType "team-tourn"]
[EventCountry "GRE"]
[SourceTitle "playchess.com"]
[Source "ChessBase"]
[SourceQuality "1"]

1. d4 d5 2. c4 e6 3. Nf3 Nf6 4. Nc3 c5 5. e3 Nc6 6. dxc5 Bxc5 7. cxd5 exd5 8. Bb5 a6 9. Bxc6+ bxc6 10. h3 O-O 11. O-O Rb8 12. Nd2 Bb6 13. Nb3 Bc7 14. Qf3 Qd6 15. Qf4 Qxf4 16. exf4 Nh5 17. Nd4 Bd7 18. f5 Rb4 19. Rd1 Bb6 20. Nc2 Rc4 21. g4 Nf4 22. Bxf4 Rxf4 23. Rd2 h5 24. gxh5 Rxf5 25. Nd4 Rxh5 26. Nce2 Bxd4 27. Nxd4 c5 28. Ne2 d4 29. Ng3 Rxh3 30. Rc1 Rc8 31. Kg2 Rh6 32. b3 f5 33. f3 Rg6 34. Kf2 f4 35. Ne2 Bh3 36. Nxf4 Rh6 37. Nxh3 Rxh3 38. Kg2 Rh5 39. Rxd4 Rc6 40. Rg4 Kf7 41. Kg3 Kf6 42. Rc2 Rg5 43. f4 Rd5 44. Rc3 Rd2 45. a4 Rcd6 46. Rg5 R6d5 47. Rxc5 R5d3+ 48. Kg4 Rg2+ 49. Kh4 Rh2+ 50. Kg4 Rhh3 51. Rcf5+ Ke6 52. Rg6+ Ke7 53. Rxg7+ Ke6 54. Rg6+ Ke7 55. Rc5 Rhg3+ 56. Kf5 Rxg6 57. Kxg6 Rg3+ 58. Kf5 Rh3 59. b4 Rb3 60. Re5+ Kf7 61. b5 axb5 62. axb5 Rb4 63. Rc5 Ke8 64. Ke5 Rb2 65. f5 Re2+ 66. Kf6 Rb2 67. Ke6 Re2+ 68. Re5 Rb2 69. f6 Kf8 70. Kd6 Kf7 71. Rf5 Rd2+ 72. Kc6 Rc2+ 73. Rc5 Re2 74. Kb7 Kxf6 75. b6 Ke7 76. Kb8 Kd6 77. Rc8 Kd7 78. Rc7+ Kd6 79. Rc3 Rb2 80. b7 Kd7 81. Ra3 Kc6 82. Rc3+ Kd7 83. Rc1 Rb3 84. Rc7+ Kd8 85. Rc4 Kd7 86. Rd4+ Kc6 87. Kc8 Rxb7 88. Rc4+ Kb5 89. Kxb7 Kxc4 1/2-1/2

[Event "46th GRE-chT Premier 2018"]
[Site "Rio Achaia"]
[Date "2018.07.15"]
[Round "7"]
[White "Batsi, Varvara"]
[Black "Batzoli, Maria"]
[Result "0-1"]
[WhiteElo "1241"]
[BlackElo "1312"]
[Annotator "NA"]
[PlyCount "138"]
[EventDate "2018.07.10"]
[EventType "team-tourn"]
[EventCountry "GRE"]
[SourceTitle "playchess.com"]
[Source "ChessBase"]
[SourceQuality "1"]

1. d4 Nf6 2. Bf4 e6 3. e3 Be7 4. Bd3 b6 5. h3 Bb7 6. Nf3 O-O 7. O-O d5 8. c3 c5 9. Nbd2 Nbd7 10. Ne5 Ne4 11. Qe2 f6 12. Nxd7 Qxd7 13. Nxe4 dxe4 14. Bb5 Bc6 15. Bxc6 Qxc6 16. Rfd1 Rfd8 17. Qg4 f5 18. Qg3 c4 19. Be5 Bf8 20. h4 Rd7 21. Rf1 Bd6 22. Bxd6 Rxd6 23. Qf4 Rad8 24. f3 exf3 25. Rxf3 Qb5 26. Rb1 Qa4 27. a3 Qc2 28. Rff1 Rd5 29. Qf2 Qe4 30. Qf4 Qc2 31. Qf2 Qa4 32. Qf4 R8d7 33. Rf3 Qc2 34. Rff1 Qa4 35. Rf3 Qc2 36. Rff1 Qa4 37. Rf3 Qc2 38. Rff1 Qd3 39. Rbd1 Qc2 40. Qf2 Qxf2+ 41. Rxf2 Rb5 42. Rb1 Rb3 43. Re1 g6 44. e4 Rb5 45. exf5 exf5 46. Kf1 Kf7 47. g3 Re7 48. Rfe2 Rxe2 49. Rxe2 Rd5 50. Kf2 Rd6 51. Kf3 Re6 52. Rxe6 Kxe6 53. Kf4 h6 54. g4 fxg4 55. Kxg4 Kd5 56. Kf4 b5 57. Ke3 a6 58. Kf4 a5 59. Ke3 b4 60. a4 g5 61. hxg5 hxg5 62. Kf3 bxc3 63. bxc3 Ke6 64. Kg4 Kf6 65. d5 Ke5 66. d6 Kxd6 67. Kxg5 Ke5 68. Kg4 Ke4 69. Kg3 Kd3 0-1

[Event "46th GRE-chT Premier 2018"]
[Site "Rio Achaia"]
[Date "2018.07.15"]
[Round "7"]
[White "Nikolaidou, Maria"]
[Black "Houhouli, Hristina"]
[Result "0-1"]
[WhiteElo "1239"]
[BlackElo "1439"]
[Annotator "NA"]
[PlyCount "50"]
[EventDate "2018.07.10"]
[EventType "team-tourn"]
[EventCountry "GRE"]
[SourceTitle "playchess.com"]
[Source "ChessBase"]
[SourceQuality "1"]

1. d4 Nf6 2. Bf4 e6 3. Nf3 c5 4. e3 Be7 5. Bd3 d5 6. Nbd2 O-O 7. c4 Nbd7 8. h3 cxd4 9. exd4 dxc4 10. Nxc4 Nd5 11. Bg3 N7f6 12. O-O Nh5 13. Be5 Nhf4 14. a3 b6 15. Be4 Bb7 16. Bxf4 Rc8 17. Rc1 Ba6 18. Qa4 Bxc4 19. Bxd5 Bxf1 20. Rxc8 Qxc8 21. Bxe6 Qxe6 22. Kxf1 a5 23. Qb5 Rc8 24. Bg3 Rc1+ 25. Ne1 Qxe1# 0-1

[Event "46th GRE-chT Premier 2018"]
[Site "Rio Achaia"]
[Date "2018.07.15"]
[Round "7"]
[White "Zacharia, Aikaterini-Eirini"]
[Black "Gioutsou, Miranta"]
[Result "0-1"]
[WhiteElo "1234"]
[BlackElo "1467"]
[Annotator "NA"]
[PlyCount "110"]
[EventDate "2018.07.10"]
[EventType "team-tourn"]
[EventCountry "GRE"]
[SourceTitle "playchess.com"]
[Source "ChessBase"]
[SourceQuality "1"]

1. e4 Nf6 2. e5 Nd5 3. d4 d6 4. c4 Nb6 5. exd6 exd6 6. Nc3 Be7 7. Be3 O-O 8. Nf3 Bg4 9. h3 Bh5 10. Rc1 Nc6 11. d5 Ne5 12. g4 Nxf3+ 13. Qxf3 Bg6 14. b3 Re8 15. Be2 Bf6 16. O-O Nd7 17. Qg3 Nc5 18. Bf3 Nd3 19. Rc2 Be5 20. Qg2 Ne1 21. Rxe1 Bxc2 22. Ne4 Qe7 23. Rc1 Bxe4 24. Bxe4 Bb2 25. Rc2 Qxe4 26. Qxe4 Rxe4 27. Rxb2 a6 28. Kg2 b5 29. Kf3 Ree8 30. Ke2 bxc4 31. bxc4 Rab8 32. Rc2 Rb7 33. Kd3 Reb8 34. Bc1 Kf8 35. Re2 Rb1 36. Ba3 Rh1 37. Re3 Re8 38. Rg3 Ra1 39. Kd4 Rxa2 40. c5 dxc5+ 41. Kxc5 Rc2+ 42. Kb4 Rxf2 43. Ka5+ Kg8 44. Kxa6 Rd2 45. Kb7 Rxd5 46. Kxc7 Rde5 47. Bd6 Re3 48. Rg1 Rxh3 49. Kd7 Rhe3 50. Rc1 R3e6 51. Rd1 g6 52. Ba3 Ra8 53. Bc5 Re4 54. g5 Re5 55. Be7 Ra7+ 0-1

[Event "46th GRE-chT Premier 2018"]
[Site "Rio Achaia"]
[Date "2018.07.15"]
[Round "7"]
[White "Tsavdaras, Dimitrios"]
[Black "Makridis, Dimitrios"]
[Result "0-1"]
[WhiteElo "1214"]
[BlackElo "1565"]
[Annotator "NA"]
[PlyCount "64"]
[EventDate "2018.07.10"]
[EventType "team-tourn"]
[EventCountry "GRE"]
[SourceTitle "playchess.com"]
[Source "ChessBase"]
[SourceQuality "1"]

1. e4 c5 2. Nf3 e6 3. d4 cxd4 4. Nxd4 a6 5. c4 Nf6 6. Nc3 Qc7 7. Be3 b6 8. Be2 Bb7 9. f3 Be7 10. O-O d6 11. Qd2 Nbd7 12. b4 O-O 13. Rfc1 Rac8 14. a4 Qb8 15. Nb3 d5 16. exd5 Bxb4 17. dxe6 fxe6 18. a5 b5 19. cxb5 Nd5 20. Bd4 e5 21. bxa6 exd4 22. axb7 Qxb7 23. Nxd5 Bxd2 24. Rxc8 Rxc8 25. Ne7+ Kf8 26. Nxc8 Qxb3 27. a6 Be3+ 28. Kf1 d3 29. a7 dxe2+ 30. Kxe2 Qb2+ 31. Kxe3 Qxa1 32. a8=Q Qxa8 0-1

[Event "46th GRE-chT Premier 2018"]
[Site "Rio Achaia"]
[Date "2018.07.15"]
[Round "7"]
[White "Bellou, Nazareta"]
[Black "Kouta, Antonia"]
[Result "0-1"]
[WhiteElo "1211"]
[BlackElo "1703"]
[Annotator "NA"]
[PlyCount "66"]
[EventDate "2018.07.10"]
[EventType "team-tourn"]
[EventCountry "GRE"]
[SourceTitle "playchess.com"]
[Source "ChessBase"]
[SourceQuality "1"]

1. e4 c5 2. Nf3 d6 3. d4 cxd4 4. Nxd4 Nf6 5. Nc3 a6 6. Be3 e6 7. f4 Qc7 8. Be2 b5 9. a3 Bb7 10. Bf3 Nbd7 11. Nde2 Nb6 12. Bxb6 Qxb6 13. Qd4 Qc7 14. Qd2 Be7 15. O-O O-O 16. Kh1 Rfd8 17. Rad1 d5 18. e5 Ne4 19. Bxe4 dxe4 20. Qe3 b4 21. axb4 Bxb4 22. Nd4 Bxc3 23. Qxc3 Qxc3 24. bxc3 Bd5 25. f5 Rac8 26. fxe6 fxe6 27. Ne2 Bc4 28. Rde1 Rd2 29. Rf2 e3 30. Rf3 Rxe2 31. Rxe2 Bxe2 32. Rxe3 Bb5 33. Rf3 a5 0-1